Súčasné transnacionálne korporácie - ich postavenie a vplyv na svetové hospodárstvo bakalárska práca

Salvato in:
Dettagli Bibliografici
Autore principale: Pavlov, Tomáš
Ente Autore: Obchodná fakulta EU. Katedra medzinárodného obchodu
Altri autori: Medňanský, Ladislav
Natura: Libro
Lingua:slovacco
Pubblicazione: Bratislava 2011
Tags: Aggiungi Tag
Nessun Tag, puoi essere il primo ad aggiungerne!!

MARC

LEADER 00000nam a2200000 4500
001 0151030
005 20240320072156.8
041 0 |a slo 
044 |a SK 
245 1 0 |a Súčasné transnacionálne korporácie - ich postavenie a vplyv na svetové hospodárstvo  |b bakalárska práca  |c Tomáš Pavlov ; školiteľ: Ladislav Medňanský 
264 1 |a Bratislava  |c 2011 
300 |a 50 s. 
100 1 |a Pavlov, Tomáš 
700 1 |a Medňanský, Ladislav 
710 2 |a Obchodná fakulta EU. Katedra medzinárodného obchodu